000 01349nam a22003617a 4500
003 CHAP
005 20220817042754.0
008 971013s1980 r 00010 d
010 _a55103
011 _a56075
035 _a60228
040 _cCHAP
082 _a972
_bS55
100 0 0 _aSilva Herzog, Jesús.
_9106007
245 _aDe la historia de México, 1810-1938 ; documentos fundamentales, ensayos y opiniones
260 _aMéxico, D. F. :
_bSiglo XXI,
_c1980
300 _a300 p.
490 _aHistoria
590 _aBATCH-UPD
_b10
_c20130110
_lUCH01
_h1610
590 _aBATCH-UPD
_b10
_c20130410
_lUCH01
_h1005
590 _aBATCH-UPD
_b10
_c20130914
_lUCH01
_h1826
590 _aCONVERSION
_b10
_c20130109
_lUCH01
_h1330
650 1 4 _aMéxico
_xHistoria.
830 0 _aHistoria
_955599
901 _aBK
942 _cLIBRO
949 _a972 S55
_bBC
_cLIBRO
_d-129893
_eLIBRO
_fc.3
_h52323
_i60228
_si
_t150.00
949 _a972 S55
_bBC
_cLIBRO
_d33724000282463
_eLIBRO
_fc.2
_h52322
_i60228
_si
_t150.00
949 _a972 S55
_bBC
_cLIBRO
_d33724000282471
_eLIBRO
_fc.4
_h52324
_i60228
_si
_t150.00
949 _a972 S55
_bBC
_cLIBRO
_d33724000282489
_eLIBRO
_fc.5
_h53116
_i60228
_si
_t150.00
949 _a972 S55
_bBC
_cLIBRO
_d33724000642450
_eLIBRO
_h52321
_i60228
_si
_t150.00
949 _a972 S55
_bBC
_cLIBRO
_d33724000982542
_eLIBRO
_fc.6
_h78794
_i60228
_si
_t150.00
999 _c55103
_d55103